NCAA Final Four Starters 2022 - Statistics

General Stats
  • This quiz has been taken 14 times
  • The average score is 13 of 20
Answer Stats
School Position # Answer % Correct
North Carolina Guard 2 Caleb Love
92%
North Carolina Forward 5 Armando Bacot
83%
Kansas Guard 2 Christian Braun
83%
Villanova Guard 2 Collin Gillespie
83%
North Carolina Guard 1 Leaky Black
83%
Duke Forward 5 Paolo Banchero
83%
Duke Forward 0 Wendell Moore
83%
North Carolina Forward 45 Brady Manek
75%
Duke Guard 3 Jeremy Roach
75%
Duke Center 15 Mark Williams
75%
North Carolina Guard 4 RJ Davis
75%
Duke Forward 21 AJ Griffin
67%
Kansas Guard 30 Ochai Agbaji
67%
Kansas Forward 33 David McCormack
58%
Villanova Forward 23 Jermaine Samuels
58%
Villanova Forward 3 Brandon Slater
42%
Villanova Forward 43 Eric Dixon
42%
Kansas Forward 10 Jalen Wilson
42%
Villanova Guard 14 Caleb Daniels
33%
Kansas Guard 3 Dajuan Harris
33%
No matching quizzes found
Score Distribution
Percent of People with Each Score
Percentile by Number Answered
Your Score History
You have not taken this quiz